Zimná pesnička
| Main Author: | |
|---|---|
| Format: | Article |
| Language: | Slovak |
| ISSN: | 0139-911X |
| Subjects: |
MARC
| LEADER | 00000nab a2200000 a 4500 | ||
|---|---|---|---|
| 001 | vtls010645211 | ||
| 003 | SK-MaSNL | ||
| 005 | 20260303090708.0 | ||
| 008 | 150107 2014xo m 000 0 slo | ||
| 015 | |a SNKBRB 2015/01 | ||
| 038 | |a KEKMK | ||
| 040 | |a KEKMK |b slo |c KEKMK |e AACR2 | ||
| 041 | |a slo | ||
| 044 | |a xo |c SK | ||
| 100 | 1 | |a Kepštová, Ľubica, |d 1960- |4 aut |9 17779 | |
| 245 | 1 | 0 | |a Zimná pesnička |c Ľubica Kepštová |
| 650 | 0 | 7 | |a literatúra pre deti a mládež |2 kekmk |9 21893 |
| 773 | |t Slniečko |g Roč.69, č.4 (december 2014), s.2 |x 0139-911X | ||
| 958 | |a DB | ||
| 999 | |c 1804366 |d 1806296 | ||


